| 000 | 00437nam a22001817a 4500 | ||
|---|---|---|---|
| 003 | LK-CoDNM | ||
| 005 | 20250205145656.0 | ||
| 008 | 250131b |||||||| |||| 00| 0 eng d | ||
| 040 |
_aLK-CoDNM _dLK-CoDNM _eLK-CoDNM |
||
| 041 | _aeng | ||
| 080 | _a108 | ||
| 100 | _aCoope,Robert | ||
| 245 | _a Diseases of the chest | ||
| 260 |
_aedinburgh _blibingtone _c1948 |
||
| 300 | _a541p. : ill ; 24 cm | ||
| 650 | _ascience | ||
| 942 | _cBK | ||
| 999 |
_c237832 _d237832 |
||